[Event "ODJM C 2024"]
[Site "Willingen GER"]
[Date "2024.05.25"]
[Round "9"]
[White "Buntin, Amelia Bernadette"]
[Black "Steinkamp, Matthis"]
[Result "0-1"]
[Termination "normal"]
[Board "30"]
[WhiteElo "1096"]
[BlackElo "1489"]
[WhiteClock "01:19:10"]
[BlackClock "01:05:02"]
[PlyCount "88"]
[WhiteFideId "34649581"]
[BlackFideId "16287622"]
[EventCountry "GER"]
[EventRounds "9"]
[EventType "swiss"]
[EventDate "2024.05.18"]

1. e4 {[%clk 01:30:58]} {[%emt 00:00:02]} c5 {[%clk 01:30:54]} {[%emt
00:00:06]} 2. Nf3 {[%clk 01:31:21]} {[%emt 00:00:07]} Nc6 {[%clk 01:31:05]}
{[%emt 00:00:20]} 3. g3 {[%clk 01:31:42]} {[%emt 00:00:08]} e6 {[%clk
01:31:05]} {[%emt 00:00:30]} 4. Bg2 {[%clk 01:32:08]} {[%emt 00:00:04]} Nf6
{[%clk 01:31:15]} {[%emt 00:00:21]} 5. d3 {[%clk 01:32:20]} {[%emt 00:00:17]}
d5 {[%clk 01:31:12]} {[%emt 00:00:34]} 6. e5 {[%clk 01:32:14]} {[%emt
00:00:37]} Ng4 {[%clk 01:30:45]} {[%emt 00:00:56]} 7. h3 {[%clk 01:32:28]}
{[%emt 00:00:16]} Ngxe5 {[%clk 01:31:00]} {[%emt 00:00:15]} 8. Nbd2 {[%clk
01:32:08]} {[%emt 00:00:38]} b6 {[%clk 01:30:51]} {[%emt 00:00:52]} 9. O-O
{[%clk 01:31:05]} {[%emt 00:01:29]} Bb7 {[%clk 01:30:16]} {[%emt 00:01:08]} 10.
Re1 {[%clk 01:30:41]} {[%emt 00:00:54]} Bd6 {[%clk 01:30:12]} {[%emt 00:00:35]}
11. b3 {[%clk 01:30:05]} {[%emt 00:01:06]} O-O {[%clk 01:30:26]} {[%emt
00:00:15]} 12. Bb2 {[%clk 01:30:30]} {[%emt 00:00:05]} f6 {[%clk 01:30:52]}
{[%emt 00:00:04]} 13. c4 {[%clk 01:30:33]} {[%emt 00:00:27]} d4 {[%clk
01:31:08]} {[%emt 00:00:14]} 14. Nf1 {[%clk 01:28:55]} {[%emt 00:02:09]} Qc7
{[%clk 01:31:22]} {[%emt 00:00:15]} 15. N1h2 {[%clk 01:29:09]} {[%emt
00:00:17]} f5 {[%clk 01:29:03]} {[%emt 00:02:48]} 16. Ng5 {[%clk 01:29:07]}
{[%emt 00:00:31]} Rfe8 {[%clk 01:28:48]} {[%emt 00:00:46]} 17. f4 {[%clk
01:28:24]} {[%emt 00:01:11]} Ng6 {[%clk 01:27:29]} {[%emt 00:01:51]} 18. Qh5
{[%clk 01:26:16]} {[%emt 00:02:37]} Nf8 {[%clk 01:27:30]} {[%emt 00:00:29]} 19.
Qd1 {[%emt 00:02:13]} h6 {[%emt 00:00:30]} 20. Ngf3 {[%clk 01:23:42]} {[%emt
00:00:21]} g6 {[%clk 01:27:03]} {[%emt 00:00:58]} 21. Nh4 {[%clk 01:23:10]}
{[%emt 00:00:57]} Re7 {[%clk 01:26:40]} {[%emt 00:00:58]} 22. Rc1 {[%clk
01:21:44]} {[%emt 00:01:55]} Rae8 {[%clk 01:26:53]} {[%emt 00:00:17]} 23. N4f3
{[%clk 01:20:28]} {[%emt 00:01:46]} e5 {[%clk 01:25:49]} {[%emt 00:01:34]} 24.
Rc2 {[%clk 01:20:23]} {[%emt 00:00:35]} exf4 {[%clk 01:25:52]} {[%emt
00:00:28]} 25. Rce2 {[%clk 01:20:31]} {[%emt 00:00:21]} fxg3 {[%clk 01:26:02]}
{[%emt 00:00:20]} 26. Nf1 {[%clk 01:20:11]} {[%emt 00:00:50]} Bf4 {[%clk
01:23:50]} {[%emt 00:02:42]} 27. Bc1 {[%clk 01:20:28]} {[%emt 00:00:14]} Bxc1
{[%clk 01:24:07]} {[%emt 00:00:13]} 28. Qxc1 {[%clk 01:20:27]} {[%emt
00:00:31]} Rxe2 {[%clk 01:24:28]} {[%emt 00:00:09]} 29. Rxe2 {[%clk 01:20:47]}
{[%emt 00:00:10]} Rxe2 {[%clk 01:24:38]} {[%emt 00:00:20]} 30. Qxh6 {[%clk
01:21:00]} {[%emt 00:00:15]} Qh7 {[%clk 01:22:20]} {[%emt 00:02:50]} 31. Qg5
{[%clk 01:21:20]} {[%emt 00:00:07]} Qc7 {[%clk 01:20:42]} {[%emt 00:02:10]} 32.
Nxg3 {[%clk 01:21:39]} {[%emt 00:00:10]} Rxa2 {[%clk 01:20:44]} {[%emt
00:00:29]} 33. Nh5 {[%clk 01:21:44]} {[%emt 00:00:25]} Qf7 {[%clk 01:14:48]}
{[%emt 00:06:26]} 34. Nf6+ {[%clk 01:21:26]} {[%emt 00:00:49]} Kg7 {[%clk
01:14:29]} {[%emt 00:00:48]} 35. Nh5+ {[%emt 00:00:29]} Kh8 {[%clk 01:13:45]}
{[%emt 00:01:12]} 36. Qh6+ {[%clk 01:20:53]} {[%emt 00:01:04]} Nh7 {[%clk
01:07:54]} {[%emt 00:06:22]} 37. Ng5 {[%clk 01:20:05]} {[%emt 00:01:18]} Qe7
{[%clk 01:07:16]} {[%emt 00:01:09]} 38. Nf6 {[%clk 01:20:13]} {[%emt 00:00:22]}
Ne5 {[%clk 01:05:26]} {[%emt 00:02:19]} 39. Nfxh7 {[%emt 00:00:28]} Rxg2+
{[%emt 00:00:37]} 40. Kf1 {[%clk 01:18:53]} {[%emt 00:00:44]} Kg8 {[%clk
01:05:08]} {[%emt 00:00:49]} 41. Nf6+ {[%clk 01:18:12]} {[%emt 00:01:10]} Qxf6
{[%clk 01:05:19]} {[%emt 00:00:19]} 42. Qh7+ {[%clk 01:18:33]} {[%emt
00:00:09]} Kf8 {[%clk 01:05:26]} {[%emt 00:00:24]} 43. Qxb7 {[%clk 01:18:50]}
{[%emt 00:00:12]} Rxg5 {[%clk 01:04:51]} {[%emt 00:01:05]} 44. Qxa7 {[%clk
01:19:10]} {[%emt 00:00:10]} Nxd3 {[%clk 01:05:02]} {[%emt 00:00:18]} 0-1

[Event "ODJM C 2024"]
[Site "Willingen GER"]
[Date "2024.05.25"]
[Round "9"]
[White "Rafikov, Artur"]
[Black "Weidenhöfer, Ben"]
[Result "0-1"]
[Termination "normal"]
[Board "31"]
[WhiteElo "1021"]
[BlackElo "1554"]
[WhiteClock "00:24:53"]
[BlackClock "00:54:00"]
[PlyCount "50"]
[WhiteFideId "34642676"]
[BlackFideId "16273702"]
[EventCountry "GER"]
[EventRounds "9"]
[EventType "swiss"]
[EventDate "2024.05.18"]

1. e4 {[%clk 01:30:59]} c6 {[%clk 01:30:53]} {[%emt 00:00:07]} 2. d4 {[%clk
01:31:24]} {[%emt 00:00:05]} d5 {[%clk 01:31:20]} {[%emt 00:00:03]} 3. exd5
{[%clk 01:31:46]} {[%emt 00:00:07]} cxd5 {[%clk 01:31:45]} {[%emt 00:00:05]} 4.
Nf3 {[%clk 01:32:04]} {[%emt 00:00:11]} Bf5 {[%clk 01:31:33]} {[%emt 00:00:42]}
5. Bb5+ {[%clk 01:31:55]} {[%emt 00:00:39]} Nc6 {[%clk 01:31:13]} {[%emt
00:00:51]} 6. Nc3 {[%clk 01:31:32]} {[%emt 00:00:52]} e6 {[%clk 01:29:53]}
{[%emt 00:01:52]} 7. a3 {[%clk 01:31:33]} {[%emt 00:00:29]} Bd6 {[%clk
01:29:28]} {[%emt 00:00:54]} 8. Bg5 {[%clk 01:31:29]} {[%emt 00:00:33]} f6
{[%clk 01:29:09]} {[%emt 00:00:50]} 9. Bh4 {[%clk 01:30:46]} {[%emt 00:01:11]}
Nge7 {[%clk 01:26:40]} {[%emt 00:03:01]} 10. O-O {[%clk 01:26:48]} {[%emt
00:04:27]} O-O {[%clk 01:26:36]} {[%emt 00:00:35]} 11. Re1 {[%clk 01:27:02]}
{[%emt 00:00:16]} Bc7 {[%clk 01:25:03]} {[%emt 00:02:03]} 12. Bd3 {[%clk
01:24:33]} {[%emt 00:02:59]} Bg4 {[%clk 01:23:20]} {[%emt 00:02:13]} 13. h3
{[%clk 01:17:26]} {[%emt 00:07:35]} Bxf3 {[%clk 01:23:07]} {[%emt 00:00:46]}
14. Qxf3 {[%clk 01:15:32]} {[%emt 00:02:23]} Nxd4 {[%clk 01:21:15]} {[%emt
00:02:23]} 15. Qh5 {[%clk 01:07:26]} {[%emt 00:08:33]} h6 {[%clk 01:20:37]}
{[%emt 00:01:10]} 16. Qg4 {[%clk 01:00:25]} {[%emt 00:07:28]} Qd6 {[%clk
01:19:55]} {[%emt 00:01:16]} 17. Qxd4 {[%clk 00:56:43]} {[%emt 00:04:11]} Qh2+
{[%clk 01:18:23]} {[%emt 00:02:02]} 18. Kf1 {[%clk 00:55:53]} {[%emt 00:01:20]}
Nc6 {[%clk 01:10:31]} {[%emt 00:08:23]} 19. Qg4 {[%clk 00:51:37]} {[%emt
00:04:45]} Rae8 {[%clk 01:06:42]} {[%emt 00:04:19]} 20. Rxe6 {[%clk 00:44:10]}
{[%emt 00:07:56]} Ne5 {[%clk 01:02:19]} {[%emt 00:04:54]} 21. Qf5 {[%clk
00:38:46]} {[%emt 00:05:54]} Qh1+ {[%clk 00:57:04]} {[%emt 00:05:45]} 22. Ke2
{[%clk 00:36:49]} {[%emt 00:02:26]} Qxa1 {[%clk 00:57:18]} {[%emt 00:00:17]}
23. Rxe8 {[%clk 00:30:45]} {[%emt 00:06:35]} Rxe8 {[%clk 00:57:04]} {[%emt
00:00:43]} 24. g3 {[%clk 00:26:09]} {[%emt 00:05:03]} Nc6+ {[%clk 00:53:44]}
{[%emt 00:03:54]} 25. Kd2 {[%clk 00:24:53]} {[%emt 00:01:45]} Qe1# {[%clk
00:54:00]} {[%emt 00:00:14]} 0-1

[Event "ODJM C 2024"]
[Site "Willingen GER"]
[Date "2024.05.25"]
[Round "9"]
[White "Mahr, Mikka"]
[Black "Piotrowski, Jaro"]
[Result "0-1"]
[Termination "normal"]
[Board "32"]
[WhiteElo "1016"]
[BlackElo "1223"]
[WhiteClock "00:27:00"]
[BlackClock "00:59:03"]
[PlyCount "94"]
[WhiteFideId "34699597"]
[BlackFideId "34664629"]
[EventCountry "GER"]
[EventRounds "9"]
[EventType "swiss"]
[EventDate "2024.05.18"]

1. e4 {[%clk 01:30:58]} {[%emt 00:00:02]} e5 {[%clk 01:30:25]} {[%emt
00:00:35]} 2. Nf3 {[%clk 01:31:22]} {[%emt 00:00:06]} Nc6 {[%clk 01:30:15]}
{[%emt 00:00:38]} 3. Bc4 {[%clk 01:31:19]} {[%emt 00:00:35]} Bc5 {[%clk
01:30:30]} {[%emt 00:00:12]} 4. Nc3 {[%clk 01:30:56]} {[%emt 00:00:55]} Nf6
{[%clk 01:30:00]} {[%emt 00:00:59]} 5. h3 {[%clk 01:29:23]} {[%emt 00:02:05]}
d6 {[%clk 01:28:24]} {[%emt 00:02:05]} 6. Ng5 {[%clk 01:28:22]} {[%emt
00:01:31]} O-O {[%clk 01:27:08]} {[%emt 00:01:47]} 7. d3 {[%clk 01:27:26]}
{[%emt 00:01:26]} h6 {[%clk 01:27:01]} {[%emt 00:00:36]} 8. Nf3 {[%clk
01:26:32]} {[%emt 00:01:24]} Re8 {[%clk 01:26:39]} {[%emt 00:00:53]} 9. Be3
{[%clk 01:23:44]} {[%emt 00:03:19]} Bb6 {[%clk 01:21:19]} {[%emt 00:05:50]} 10.
Bxb6 {[%clk 01:22:44]} {[%emt 00:01:28]} axb6 {[%clk 01:20:05]} {[%emt
00:01:45]} 11. Qd2 {[%clk 01:19:03]} {[%emt 00:04:11]} Be6 {[%clk 01:13:12]}
{[%emt 00:07:23]} 12. Bb5 {[%clk 01:17:37]} {[%emt 00:01:52]} Re7 {[%clk
01:02:10]} {[%emt 00:11:36]} 13. h4 {[%clk 01:07:55]} {[%emt 00:10:13]} Nd4
{[%clk 01:01:57]} {[%emt 00:00:43]} 14. Nxd4 {[%clk 01:07:11]} {[%emt
00:01:10]} exd4 {[%clk 01:00:33]} {[%emt 00:01:56]} 15. Ne2 {[%clk 01:06:03]}
{[%emt 00:01:30]} Rxa2 {[%clk 00:57:47]} {[%emt 00:03:26]} 16. Rxa2 {[%emt
00:00:34]} Bxa2 {[%emt 00:00:06]} 17. b3 {[%clk 01:05:37]} {[%emt 00:00:16]} c6
{[%clk 00:58:07]} {[%emt 00:00:10]} 18. Nxd4 {[%clk 01:00:25]} {[%emt
00:05:29]} cxb5 {[%clk 00:57:32]} {[%emt 00:01:18]} 19. Nxb5 {[%emt 00:01:02]}
d5 {[%emt 00:00:15]} 20. Nc3 {[%clk 00:31:47]} {[%emt 00:27:51]} dxe4 {[%clk
00:57:53]} {[%emt 00:00:09]} 21. O-O {[%clk 00:31:36]} {[%emt 00:00:42]} exd3
{[%clk 00:57:52]} {[%emt 00:00:31]} 22. Nxa2 {[%emt 00:00:37]} Ne4 {[%clk
00:57:51]} {[%emt 00:00:27]} 23. Qc1 {[%clk 00:31:03]} {[%emt 00:00:56]} d2
{[%clk 00:55:59]} {[%emt 00:02:25]} 24. Qd1 {[%clk 00:30:20]} {[%emt 00:01:12]}
Rd7 {[%clk 00:56:05]} {[%emt 00:00:25]} 25. f3 {[%clk 00:30:07]} {[%emt
00:00:42]} Ng3 {[%clk 00:56:24]} {[%emt 00:00:11]} 26. Rf2 {[%clk 00:30:05]}
{[%emt 00:00:33]} Qxh4 {[%clk 00:56:43]} {[%emt 00:00:10]} 27. Rxd2 {[%emt
00:00:47]} Qh1+ {[%clk 00:57:00]} 28. Kf2 {[%emt 00:00:09]} Qxd1 {[%emt
00:00:06]} 29. Rxd1 {[%emt 00:00:12]} Rxd1 {[%emt 00:00:11]} 30. Kxg3 {[%clk
00:29:43]} {[%emt 00:00:08]} Kh7 {[%clk 00:57:18]} {[%emt 00:00:14]} 31. c4
{[%clk 00:29:00]} {[%emt 00:01:14]} g5 {[%clk 00:57:14]} {[%emt 00:00:34]} 32.
b4 {[%clk 00:29:10]} {[%emt 00:00:20]} Rd2 {[%clk 00:57:10]} {[%emt 00:00:34]}
33. Nc3 {[%clk 00:29:06]} {[%emt 00:00:34]} Rc2 {[%clk 00:57:32]} {[%emt
00:00:08]} 34. Nd5 {[%clk 00:29:28]} {[%emt 00:00:08]} Rxc4 {[%clk 00:57:39]}
{[%emt 00:00:22]} 35. Nxb6 {[%clk 00:29:48]} {[%emt 00:00:11]} Rxb4 {[%clk
00:58:05]} {[%emt 00:00:04]} 36. Nd5 {[%clk 00:30:09]} {[%emt 00:00:10]} Rd4
{[%clk 00:58:02]} {[%emt 00:00:32]} 37. Ne7 {[%clk 00:29:55]} {[%emt 00:00:44]}
b5 {[%clk 00:57:48]} {[%emt 00:00:44]} 38. Nf5 {[%clk 00:30:09]} {[%emt
00:00:15]} Rd8 {[%clk 00:57:54]} {[%emt 00:00:25]} 39. Ne3 {[%clk 00:29:40]}
{[%emt 00:00:59]} b4 {[%clk 00:58:10]} {[%emt 00:00:14]} 40. Nc4 {[%clk
00:29:44]} {[%emt 00:00:24]} b3 {[%clk 00:58:14]} {[%emt 00:00:28]} 41. Kh3
{[%clk 00:29:08]} {[%emt 00:01:04]} Rc8 {[%clk 00:58:33]} {[%emt 00:00:13]} 42.
Nd2 {[%clk 00:27:37]} {[%emt 00:01:59]} b2 {[%clk 00:58:06]} {[%emt 00:00:58]}
43. Nb1 {[%clk 00:26:56]} {[%emt 00:01:12]} Rc1 {[%clk 00:58:29]} {[%emt
00:00:06]} 44. Na3 {[%emt 00:00:20]} Ra1 {[%emt 00:00:16]} 45. Nc2 {[%clk
00:26:18]} {[%emt 00:00:32]} b1=Q {[%clk 00:58:47]} {[%emt 00:00:13]} 46. Nxa1
{[%clk 00:26:41]} {[%emt 00:00:07]} Qh1+ {[%clk 00:59:11]} {[%emt 00:00:05]}
47. Kg3 {[%clk 00:27:00]} {[%emt 00:00:06]} Qh4# {[%clk 00:59:03]} {[%emt
00:00:12]} 0-1

[Event "ODJM C 2024"]
[Site "Willingen GER"]
[Date "2024.05.25"]
[Round "9"]
[White "Arndt, Alex"]
[Black "Sniegowski, Victoria"]
[Result "1-0"]
[Termination "normal"]
[Board "33"]
[WhiteElo "1173"]
[BlackElo "1001"]
[WhiteClock "01:09:08"]
[BlackClock "00:52:57"]
[PlyCount "83"]
[WhiteFideId "533001847"]
[BlackFideId "34675612"]
[EventCountry "GER"]
[EventRounds "9"]
[EventType "swiss"]
[EventDate "2024.05.18"]

1. d4 {[%clk 01:30:59]} d5 {[%clk 01:30:53]} {[%emt 00:00:08]} 2. c4 {[%emt
00:00:06]} Nf6 {[%clk 01:30:27]} {[%emt 00:00:54]} 3. Nc3 {[%clk 01:31:46]}
{[%emt 00:00:09]} c6 {[%clk 01:29:33]} {[%emt 00:01:23]} 4. Bf4 {[%clk
01:31:51]} {[%emt 00:00:25]} Nbd7 {[%clk 01:28:31]} {[%emt 00:01:33]} 5. e3
{[%clk 01:31:49]} {[%emt 00:00:32]} Nb6 {[%clk 01:28:09]} {[%emt 00:00:51]} 6.
b3 {[%clk 01:31:21]} {[%emt 00:00:59]} e6 {[%clk 01:28:05]} {[%emt 00:00:34]}
7. Bd3 {[%clk 01:31:13]} {[%emt 00:00:38]} Bb4 {[%clk 01:27:53]} {[%emt
00:00:42]} 8. Qd2 {[%clk 01:31:17]} {[%emt 00:00:26]} O-O {[%clk 01:27:32]}
{[%emt 00:00:51]} 9. a3 {[%clk 01:31:25]} {[%emt 00:00:22]} Be7 {[%clk
01:27:38]} {[%emt 00:00:25]} 10. Nf3 {[%clk 01:31:15]} {[%emt 00:00:40]} Re8
{[%clk 01:25:22]} {[%emt 00:02:46]} 11. O-O {[%clk 01:30:53]} {[%emt 00:00:52]}
dxc4 {[%clk 01:21:23]} {[%emt 00:04:30]} 12. bxc4 {[%clk 01:30:33]} {[%emt
00:00:50]} Nbd7 {[%clk 01:19:03]} {[%emt 00:02:50]} 13. Ne5 {[%clk 01:27:39]}
{[%emt 00:03:24]} Nxe5 {[%clk 01:18:11]} {[%emt 00:01:22]} 14. Bxe5 {[%clk
01:27:40]} {[%emt 00:00:29]} g6 {[%clk 01:17:02]} {[%emt 00:01:38]} 15. h3
{[%clk 01:22:27]} {[%emt 00:05:44]} Nd7 {[%clk 01:15:55]} {[%emt 00:01:36]} 16.
Bf4 {[%clk 01:20:36]} {[%emt 00:02:20]} c5 {[%clk 01:15:46]} {[%emt 00:00:41]}
17. Nb5 {[%clk 01:20:04]} {[%emt 00:01:02]} e5 {[%clk 01:13:28]} {[%emt
00:02:48]} 18. dxe5 {[%clk 01:19:22]} {[%emt 00:01:12]} a6 {[%clk 01:12:32]}
{[%emt 00:01:26]} 19. Nd6 {[%clk 01:18:42]} {[%emt 00:01:10]} Bxd6 {[%clk
01:12:22]} {[%emt 00:00:41]} 20. exd6 {[%clk 01:19:05]} {[%emt 00:00:06]} Nb6
{[%clk 01:09:49]} {[%emt 00:03:03]} 21. Qa5 {[%clk 01:18:12]} {[%emt 00:01:23]}
Be6 {[%clk 01:06:55]} {[%emt 00:03:24]} 22. Rfc1 {[%clk 01:17:12]} {[%emt
00:01:30]} Bd7 {[%clk 01:04:22]} {[%emt 00:03:03]} 23. Rab1 {[%emt 00:01:00]}
Na4 {[%clk 01:03:40]} {[%emt 00:01:11]} 24. Qxd8 {[%emt 00:01:07]} Raxd8 {[%clk
01:03:55]} {[%emt 00:00:12]} 25. Rxb7 {[%emt 00:00:26]} Bc6 {[%clk 01:03:06]}
{[%emt 00:01:15]} 26. Rc7 {[%clk 01:15:12]} {[%emt 00:01:35]} Nb2 {[%clk
01:02:25]} {[%emt 00:01:12]} 27. Bc2 {[%clk 01:13:02]} {[%emt 00:02:39]} Bd7
{[%clk 00:57:53]} {[%emt 00:05:02]} 28. Bg5 {[%clk 01:13:13]} {[%emt 00:00:19]}
Rb8 {[%clk 00:55:52]} {[%emt 00:02:30]} 29. Rxd7 {[%clk 01:11:30]} {[%emt
00:02:14]} Nxc4 {[%clk 00:55:31]} {[%emt 00:00:51]} 30. Rb1 {[%clk 01:09:29]}
{[%emt 00:02:31]} Rxb1+ {[%clk 00:55:16]} {[%emt 00:00:45]} 31. Bxb1 {[%clk
01:09:52]} {[%emt 00:00:08]} Re6 {[%clk 00:54:25]} {[%emt 00:01:21]} 32. Be7
{[%clk 01:07:18]} {[%emt 00:03:04]} Nb6 {[%clk 00:52:26]} {[%emt 00:02:29]} 33.
Rd8+ {[%clk 01:07:09]} {[%emt 00:00:39]} Kg7 {[%clk 00:52:45]} {[%emt
00:00:11]} 34. d7 {[%clk 01:06:08]} {[%emt 00:01:31]} Rxe7 {[%clk 00:52:50]}
{[%emt 00:00:24]} 35. Rg8+ {[%clk 01:06:30]} {[%emt 00:00:09]} Kxg8 {[%clk
00:52:39]} {[%emt 00:00:40]} 36. d8=Q+ {[%clk 01:06:53]} {[%emt 00:00:07]} Kg7
{[%clk 00:52:37]} {[%emt 00:00:33]} 37. Qxe7 {[%clk 01:07:18]} {[%emt
00:00:05]} Nd5 {[%clk 00:52:35]} {[%emt 00:00:31]} 38. Qe5+ {[%clk 01:07:41]}
{[%emt 00:00:07]} Kf8 {[%clk 00:52:45]} {[%emt 00:00:21]} 39. Qxd5 {[%clk
01:08:03]} {[%emt 00:00:08]} Kg7 {[%clk 00:52:49]} {[%emt 00:00:27]} 40. Ba2
{[%clk 01:08:27]} {[%emt 00:00:06]} Kf6 {[%clk 00:52:37]} {[%emt 00:00:41]} 41.
Qxf7+ {[%clk 01:08:50]} {[%emt 00:00:07]} Ke5 {[%clk 00:52:57]} {[%emt
00:00:10]} 42. Qf4# {[%clk 01:09:08]} {[%emt 00:00:12]} 1-0

[Event "ODJM C 2024"]
[Site "Willingen GER"]
[Date "2024.05.25"]
[Round "9"]
[White "Eßers, Mathilda Marie"]
[Black "Bharathula, Agasthya"]
[Result "0-1"]
[Termination "normal"]
[Board "34"]
[WhiteElo "923"]
[BlackElo "1142"]
[WhiteClock "00:53:02"]
[BlackClock "01:24:05"]
[PlyCount "62"]
[WhiteFideId "34684093"]
[BlackFideId "34641785"]
[EventCountry "GER"]
[EventRounds "9"]
[EventType "swiss"]
[EventDate "2024.05.18"]

1. d4 {[%clk 01:30:58]} {[%emt 00:00:02]} d5 {[%clk 01:30:51]} {[%emt
00:00:09]} 2. Bf4 {[%clk 01:31:20]} {[%emt 00:00:09]} Nf6 {[%clk 01:31:13]}
{[%emt 00:00:09]} 3. e3 {[%clk 01:31:43]} {[%emt 00:00:06]} e6 {[%clk
01:31:16]} {[%emt 00:00:27]} 4. Nf3 {[%clk 01:32:06]} {[%emt 00:00:07]} Bd6
{[%clk 01:31:37]} {[%emt 00:00:10]} 5. Bg3 {[%clk 01:31:56]} {[%emt 00:00:39]}
c5 {[%clk 01:31:51]} {[%emt 00:00:16]} 6. c3 {[%clk 01:32:18]} {[%emt
00:00:09]} Qc7 {[%clk 01:31:58]} {[%emt 00:00:23]} 7. Ne5 {[%clk 01:31:08]}
{[%emt 00:01:39]} O-O {[%clk 01:32:13]} {[%emt 00:00:15]} 8. Bd3 {[%clk
01:30:31]} {[%emt 00:01:00]} a6 {[%clk 01:31:40]} {[%emt 00:01:11]} 9. Nd2
{[%clk 01:29:29]} {[%emt 00:01:29]} Nfd7 {[%clk 01:32:02]} {[%emt 00:00:11]}
10. f4 {[%clk 01:28:46]} {[%emt 00:01:12]} f6 {[%clk 01:32:07]} {[%emt
00:00:25]} 11. Nxd7 {[%clk 01:27:24]} {[%emt 00:01:51]} Nxd7 {[%clk 01:32:20]}
{[%emt 00:00:18]} 12. Qc2 {[%clk 01:24:59]} {[%emt 00:02:55]} f5 {[%clk
01:32:10]} {[%emt 00:00:41]} 13. O-O-O {[%clk 01:24:49]} {[%emt 00:00:39]} Nf6
{[%clk 01:31:30]} {[%emt 00:01:10]} 14. Nf3 {[%clk 01:19:32]} {[%emt 00:05:46]}
Ne4 {[%clk 01:31:20]} {[%emt 00:00:41]} 15. Ne5 {[%clk 01:17:09]} {[%emt
00:02:53]} c4 {[%clk 01:30:16]} {[%emt 00:01:35]} 16. Be2 {[%clk 01:15:47]}
{[%emt 00:01:51]} Bd7 {[%clk 01:29:08]} {[%emt 00:01:38]} 17. Bf3 {[%clk
01:11:20]} {[%emt 00:04:57]} b5 {[%clk 01:26:47]} {[%emt 00:02:51]} 18. Bf2
{[%clk 01:09:22]} {[%emt 00:02:27]} b4 {[%clk 01:25:42]} {[%emt 00:01:36]} 19.
Rdf1 {[%clk 01:05:54]} {[%emt 00:03:55]} bxc3 {[%clk 01:24:40]} {[%emt
00:01:35]} 20. Bxe4 {[%clk 01:04:23]} {[%emt 00:02:01]} cxb2+ {[%clk 01:24:46]}
{[%emt 00:00:24]} 21. Qxb2 {[%clk 01:02:52]} {[%emt 00:02:00]} fxe4 {[%clk
01:24:08]} {[%emt 00:01:09]} 22. Nxd7 {[%clk 01:01:52]} {[%emt 00:01:30]} Qxd7
{[%clk 01:24:16]} {[%emt 00:00:22]} 23. Bh4 {[%clk 01:00:29]} {[%emt 00:01:53]}
Qa4 {[%clk 01:23:56]} {[%emt 00:00:49]} 24. Qc2 {[%clk 00:59:15]} {[%emt
00:01:27]} Qa3+ {[%clk 01:24:00]} {[%emt 00:00:43]} 25. Qb2 {[%clk 00:57:59]}
{[%emt 00:01:47]} Qxe3+ {[%clk 01:24:17]} {[%emt 00:00:13]} 26. Qd2 {[%clk
00:57:29]} {[%emt 00:01:00]} Ba3+ {[%clk 01:24:29]} {[%emt 00:00:18]} 27. Kd1
{[%clk 00:57:34]} {[%emt 00:00:25]} Qd3 {[%clk 01:24:42]} {[%emt 00:00:18]} 28.
Qxd3 {[%clk 00:56:25]} {[%emt 00:01:39]} cxd3 {[%clk 01:24:07]} {[%emt
00:01:04]} 29. Bf2 {[%clk 00:53:27]} {[%emt 00:03:28]} Rab8 {[%clk 01:24:13]}
{[%emt 00:00:24]} 30. Be3 {[%clk 00:52:41]} {[%emt 00:01:16]} Rb1+ {[%clk
01:24:20]} {[%emt 00:00:23]} 31. Kd2 {[%clk 00:53:02]} {[%emt 00:00:09]} Bb4#
{[%clk 01:24:05]} {[%emt 00:00:15]} 0-1